Bilecik Bilecik Bilecik Bilecik Bilecik

1918-2018 Mondros ve Versay'ın 100. yılında 3. Uluslararası Türk-Alman ilişkileri sempozyumu : (Record no. 66025)

MARC details
000 -BAŞLIK
Sabit Uzunluktaki Kontrol Alanı 01802nam a22003977a 4500
001 - KONTROL NUMARASI
Control Dosyası 0065690
003 - KONTROL NUMARASI KİMLİĞİ
Kontrol Alanı KOHA_MİRAKIL
005 - EN SON İŞLEM TARİHİ ve ZAMANI
Kontrol Alanı 20260207004610.0
007 - FİZİKSEL TANIM SABİT ALAN - GENEL BİLGİ
Sabit uzunluklu kontrol alanı ta
008 - SABİT UZUNLUKTAKİ VERİ ÖGELERİ - GENEL BİLGİ
Sabit Alan 200625b2020 tu |||gr||||#0|||0|tur |
020 ## - ISBN - ULUSLARARASI STANDART KİTAP NUMARASI
Isbn 9789754482331
040 ## - KATALOGLAMA KAYNAĞI
Özgün Kataloglama Kurumu TR-BiSEU
Kataloglama Dili tur
Çeviri Kurumu TR-BiSEU
Açıklama Kuralları rda
041 0# - DİL KODU
Metin ya da ses kaydının dil kodu tur
044 ## - YAYINLAYAN/ÜRETEN KURULUŞUN ÜLKE KODU
ISO country code tu
050 ## - SINIFLAMA ve YER NUMARASI
Sınıflama Numarası DR479
Yer Numarası .M66 2020
111 2# - TOPLANTI ADI
Toplantı Adı 3. Uluslararası Türk-Alman ilişkileri sempozyumu ( 3. : 2018 : Würzburg/Almanya)
9 (RLIN) 123213
240 10 - TEK BİÇİM BAŞLIK
Tekbiçim Başlık <a href="1918-2018 100 jahre nach Moudros und Versailles : 3. Internationales symposium zu den Deutsch-Türkischen beziehungen">1918-2018 100 jahre nach Moudros und Versailles : 3. Internationales symposium zu den Deutsch-Türkischen beziehungen</a>
Language of a work Türkçe
245 1# - ESER ADI BİLDİRİMİ
Başlık 1918-2018 Mondros ve Versay'ın 100. yılında 3. Uluslararası Türk-Alman ilişkileri sempozyumu :
Alt Eseradı vb. kültür, tarih, teknoloji, ekonomi, şehir planlama ve tıp alanlarında =
-- 1918-2018 100 jahre nach Moudros und Versailles :
-- 3. Internationales symposium zu den Deutsch-Türkischen beziehungen/
Sorumluluk Bildirimi Editör Latif Çelik.
264 #1 - ÜRERİM, YAYIN, DAĞITIM ve TELİF BİLDİRİMİ
Yayın yeri Konya :
Yayınlayan Selçuk Üniversitesi
Yayın tarihi 2020
300 ## - FİZİKSEL TANIMLAMA
Sayfa, Cilt vb. 589 sayfa: resimli; 24 cm.
336 ## - İÇERİK TÜRÜ
Content type term metin
Content type code txt
Source rdacontent
337 ## - MEDYA TÜRÜ
Media type term aracısız
Media type code n
Source rdamedia
338 ## - TAŞIYICI TÜRÜ
Carrier type term cilt
Carrier type code nc
Source rdacarrier
490 1# - DİZİ BİLDİRİMİ
Dizi Bildirimi Anadolu Üniversitesi yayınları ;
Cilt Numarası no: 3948.
490 1# - DİZİ BİLDİRİMİ
Dizi Bildirimi Güzel Sanatlar Fakültesi yayınları ;
Cilt Numarası no: 99.
500 ## - GENEL NOT
Genel Not Kaynakça bölüm sonlarındadır.
500 ## - GENEL NOT
Genel Not Türkçe, Almanca ve Ingilizce bildiriler var.
650 #0 - KONU BAŞLIĞI EK GİRİŞ - KONU TERİMİ
Konusal terim veya coğrafi ad Uluslararası İlişkiler.
9 (RLIN) 10529
650 #0 - KONU BAŞLIĞI EK GİRİŞ - KONU TERİMİ
Konusal terim veya coğrafi ad Almanya--Dış İlişkiler--Türkiye.
9 (RLIN) 85431
650 #0 - KONU BAŞLIĞI EK GİRİŞ - KONU TERİMİ
Konusal terim veya coğrafi ad Uluslararası ilişkiler.
9 (RLIN) 7041
650 #0 - KONU BAŞLIĞI EK GİRİŞ - KONU TERİMİ
Konusal terim veya coğrafi ad Türkiye--Dış İlişkiler--Almanya.
9 (RLIN) 85432
830 1# - SERİ EK GİRİŞİ - TEKBİÇİM ESER ADI
Tekbiçim Başlık Anadolu Üniversitesi yayınları ;
Volume number/sequential designation no: 3948.
9 (RLIN) 7107
830 1# - SERİ EK GİRİŞİ - TEKBİÇİM ESER ADI
Tekbiçim Başlık Güzel Sanatlar Fakültesi yayınları ;
Volume number/sequential designation no: 99.
9 (RLIN) 70858
907 ## - LOCAL DATA ELEMENT G, LDG (RLIN)
a Tarih
942 ## - EK GİRİŞ ÖGELERİ (KOHA)
Source of classification or shelving scheme Library of Congress Classification
Koha item type Book
Holdings
Materyal Türü Kalıcı Konum Mevcut Konum Raf Yeri Sınıflandırma Kaynağı Edinim Bilgisi Ana Konular Alt Konular Yer Numarası Demirbaş Numarası Fatura Tarihi Geri Çekilme Durumu Kayıp Durumu Hasarlı Durumu Kredi için değil Kayıt Tarih Toplam Ödünçverme Son Görülme Tarihi Son Kontrol Tarihi Genel / Bağış Notu
Book Prof. Dr. Azmi Özcan Kütüphanesi Prof. Dr. Azmi Özcan Kütüphanesi Uluğbey Salonu Library of Congress Classification Bağış DÜNYA TARİHİ (AVRUPA, ASYA, AFRİKA VB.) Balkan Yarımadası DR479 .M66 2020 0065690 02/02/2026         25/06/2020   05/03/2025 05/03/2025 Genel Bağış